书目信息 |
| 题名: |
社会心理学
|
|
| 作者: | 刘永芳 编著 | |
| 分册: | ||
| 出版信息: | 上海 上海社会科学院出版社 2004 |
|
| 页数: | 285页 | |
| 开本: | 20cm | |
| 丛书名: | ||
| 单 册: | ||
| 中图分类: | C912.6 , B84 | |
| 科图分类: | ||
| 主题词: | 社会心理学--考核--教材 , 心理学 | |
| 电子资源: | ||
| ISBN: | 7-80681-398-5 | |
| 000 | 00864nam0 2200277 450 | |
| 001 | 1534891664 | |
| 005 | 20150126094159.43 | |
| 010 | @a7-80681-398-5@dCNY17.00 | |
| 100 | @a20040701d2004 em y0chiy50 ea | |
| 101 | 0 | @achi |
| 102 | @aCN@b310000 | |
| 105 | @ay z 000yy | |
| 200 | 1 | @a社会心理学@9she hui xin li xue@f刘永芳等编著 |
| 210 | @a上海@c上海社会科学院出版社@d2004 | |
| 215 | @a285页@d20cm | |
| 300 | @a上海市社会工作者职业资格考试培训教材 | |
| 304 | @a上海市社会工作培训中心组织编写 | |
| 330 | @a本书介绍了社会化和社会角色、社会人格、社会动机、社会认知、社会态度、人际关系、社会影响、群体心理等内容。 | |
| 510 | 1 | @aSocial Work@zeng |
| 606 | 0 | @a社会心理学@x考核@j教材 |
| 606 | 0 | @a心理学 |
| 690 | @aC912.6@v5 | |
| 690 | @aB84@v4 | |
| 701 | 0 | @a刘永芳@9liu yong fang@4编著 |
| 801 | 0 | @aCN@bTSSF@c20150126 |
| 905 | @aZUCC@dB84@eJY804 | |
| 社会心理学/刘永芳等编著.-上海:上海社会科学院出版社,2004 |
| 285页;20cm |
| 上海市社会工作者职业资格考试培训教材 |
| ISBN 7-80681-398-5:CNY17.00 |
| 本书介绍了社会化和社会角色、社会人格、社会动机、社会认知、社会态度、人际关系、社会影响、群体心理等内容。 |
| ● |
| 相关链接 |
|
|
|
|
正题名:社会心理学
索取号:B84/JY804
 
预约/预借
| 序号 | 登录号 | 条形码 | 馆藏地/架位号 | 状态 | 备注 |
| 1 | 7846203 | 278462030 | 学院路分馆/ [索取号:B84/JY804] | 在馆 |